Movies Quiz

Random Movies or Clickable Quiz

Follow That Line: The Dark Knight Quiz Stats

 Plays Quiz not verified by Sporcle

Challenge
Share
Tweet
Embed
Score 0/40 Timer 10:00
0 Plays Today
% Correct
We talkin' rottweilers or chihuahuas? Should do fine against cats.
94.3%
'Bus driver'? What bus drive-?
93.4%
TA-DA! ... It's gone.
89.3%
-'Makeup'? -Yeah, to scare people. You know, like war paint.
88.8%
You wanna know how I got 'em?
85.9%
I wouldn't know what to do with one if I caught it!
84.8%
We are tonights entertainment!
84.8%
Very poor choice of words.
84.3%
And you are beautiful.
83.7%
I can get him to sing!
83.1%
A dark knight.
82.2%
Maybe you should hire them and take the weekend off.
82%
I'm counting on it.
81.9%
But not the one it needs right now.
81.6%
I'm not wearing hockey pads.
80.9%
The way you threw yourself after her.
78.8%
He doesn't like that. Not. One. Bit.
78.4%
He said he'd go inside and replace them with bright lights. Like Christmas.
75.9%
Do I really look like a guy with a plan?
74.9%
On that day, sir, I won't want to.
74.3%
% Correct
I believe that whatever doesn't kill you simply makes you... stranger.
73.7%
Well then everyone loses their minds!
73.1%
Why? Who's in it?
73.1%
How 'bout ALIVE?
69.7%
Never start with the head! The victim gets all fuzzy!
67.1%
The driver.
64.8%
He'll find him and make him squeal. I know the squealers when I see them and...
63.3%
Good luck.
63%
You do, Brian... you REALLY DO!
62.9%
Trying to catch the light?
61%
Not my diagnosis.
60.4%
Nothing to do with all your strength!
59.2%
You really think you can steal from us and just walk away?
58.1%
Why should I hide who I am?
56.9%
Hmm, now we're talkin'.
54.6%
And I thought my jokes were bad.
54.3%
If we're going to play games, I'm gonna need a cup of coffee.
48.5%
Where did you learn to count?!
44%
(Growls) Could you please just give me a minute?
40.9%
'Cause I don't know what's going to happen to you either.
35%

You're not logged in!

Compare scores with friends on all Sporcle quizzes.
OR
Log In

You Might Also Like...

Show Comments

Extras

Top Quizzes Today


Score Distribution

Your Account Isn't Verified!

In order to create a playlist on Sporcle, you need to verify the email address you used during registration. Go to your Sporcle Settings to finish the process.

Report this User

Report this user for behavior that violates our Community Guidelines.

Details: